1516 1938 1961 1774 1138 1828 1265 1502 1189 1622 1569 1707 1953 1710 1093 1838 1696 1044 1589 1652 1706 1216 1536 1929 1904 1199 1631 1758 1996 1902 1896 1699 1515 1247 1562 1831 1379 1238 1764 1640 1718 1140 1746 1933 1367 1831 1573 1854 1272 1192 2000 1100 1068 1294 1507 1501 1774 1573 1540 1260 1339 1169 1621 1001 1123 1726 1215 1501 1166 1117 1729 1898 1259 1021 1976 1707 1373 1228 1900 1887 1422 1144 1439 1922 1441 1278 1657 1672 1646 1716 1976 1938 1298 1342 1395 1220 1841 1455 1009 BCNSPRNW ULIB Ver.6.0+V

เปลี่ยนเป็นภาษาไทย

Change to English
 แสดงรายละเอียดบรรณานุกรม
  กลับหน้าหลัก

Brief Record : Get Marc (ISO 2709) : E-mail record : QR code < ปิดหน้าต่าง
LEADER : 00000nam 2200000uu 4500
001    13399121968
003     ULIB
008    121217s2550||||th 000 0 tha d
020    ^a9789741148646
060 04 ^aWF658^bก251ต 2550
245 00 ^aตำรามะเร็งปอด =^bTextbook of lung cancer /^cกรีฑาธรรมคำภีร์, บรรณาธิการ
246 31 ^aTextbook lung cancer
250    ^aพิมพ์ครั้งที่ 1
260    ^aสงขลา :^bชานเมืองการพิมพ์,^c2550
300    ^a248 หน้า :^bภาพประกอบ ;^c27 ซม.
650  2 ^aLung Neoplasms
650  2 ^aLung Neoplasms^xsurgery
650  2 ^aLung Neoplasms^xdrug therapy
650  2 ^aLung Neoplasms^xdiagnosis
650  7 ^aปอด, เนื้องอก
650  7 ^aปอด, เนื้องอก^xการวินิจฉัย
650  7 ^aปอด, เนื้องอก^xศัลยกรรม
650  7 ^aปอด, เนื้องอก^xการรักษาด้วยยา
700 0  ^aกรีฑา ธรรมคำภีร์,^eบรรณาธิการ
945    ^p450^l0^i14767
995    ^aกัณชพร
999 ^a ใช้งานได้ทุกระบบ
รายการนี้ยังไม่มีแท็ก
คุณยังไม่ได้ล็อกอิน คุณสามารถมีกิจกรรมร่วมกับเว็บไซต์ได้ แต่ต้องล็อกอินก่อน ::
  ล็อกอิน

รายการสื่อสารสนเทศ

ลำดับที่ ประเภท เลขเรียก/บาร์โค้ด สถานที่ สถานะ
1. วิทยาศาสตร์การแพทย์ และสุขภาพ
วิทยาศาสตร์การแพทย์ และสุขภาพ
WF658 ก251ต 2550  
  Barcode: 14767
ห้องสมุดวิทยาเขตสวรรค์ประชารักษ์
►ส่วนจัดเก็บหนังสือเก่า สปร
บนชั้น
  ขอยืม

รายการใกล้เคียง
    หัวเรื่อง [ปอด, เนื้องอก]

BibComment


ยังไม่เคยถูกคอมเมนท์

คอมเมนท์ทรัพยากรรายการนี้
  คอมเมนท์: ตำรามะเร็งปอด T..


 Copyright 2026. Bcnsprnw @Library